[Event "Lovfalds EMT 19th C"]
[Site "Ringsted"]
[Date "2005.09.17"]
[Round "2"]
[White "Autzen, Torben"]
[Black "Olsen, Morten Henrik"]
[Result "0-1"]
[WhiteElo "1724"]
[BlackElo "1607"]
[PlyCount "78"]
[EventDate "2005.09.16"]
[EventType "tourn"]
[EventRounds "5"]
[EventCountry "DEN"]
[SourceTitle "EXT 2023"]
[Source "ChessBase"]
[SourceDate "2022.10.05"]
[SourceVersion "1"]
[SourceVersionDate "2022.10.05"]
[SourceQuality "1"]

1. c4 Nf6 2. Nc3 e6 3. Nf3 b6 4. e4 d6 5. d4 Bb7 6. Bd3 Nbd7 7. 0-0 Be7 8. h3 0-0 9. Bf4 h6 10. Qe2 c5 11. d5 e5 12. Be3 Rc8 13. Nd2 a6 14. a4 Nh7 15. f4 exf4 16. Bxf4 Ne5 17. Bxe5 dxe5 18. Rf5 f6 19. h4 Rb8 20. Raf1 Bc8 21. R5f2 Qe8 22. Qd1 Bd7 23. Be2 Kh8 24. Bg4 Rb7 25. Bxd7 Qxd7 26. Qh5 Qe8 27. Qf5 Qd7 28. g4 Rg8 29. Rg2 g6 30. Qxd7 Rxd7 31. Rf3 Kg7 32. Nf1 Bd8 33. Ng3 Kh8 34. Na2 Rb7 35. b4 Be7 36. Rb3 Rc8 37. Rc2 Rbc7 38. a5 cxb4 39. axb6 Rb7 0-1

[Event "Lovfalds EMT 16th Master 3"]
[Site "Ringsted"]
[Date "2002.09.15"]
[Round "4"]
[White "Madsen, Morten"]
[Black "Olsen, Morten Henrik"]
[Result "1/2-1/2"]
[WhiteElo "1839"]
[BlackElo "1745"]
[PlyCount "55"]
[EventDate "2002.09.13"]
[EventType "tourn"]
[EventRounds "5"]
[EventCountry "DEN"]
[SourceTitle "EXT 2023"]
[Source "ChessBase"]
[SourceDate "2022.10.05"]
[SourceVersion "1"]
[SourceVersionDate "2022.10.05"]
[SourceQuality "1"]

1. e4 c5 2. c3 Nc6 3. d4 cxd4 4. cxd4 d6 5. h3 Nf6 6. Nc3 Bd7 7. Nf3 Rc8 8. Be2 g6 9. 0-0 Bg7 10. Re1 0-0 11. Bg5 a6 12. Qd2 e5 13. dxe5 dxe5 14. Rad1 Be6 15. Qe3 Qa5 16. a3 Rcd8 17. Rxd8 Rxd8 18. Rd1 Rxd1+ 19. Bxd1 Nd4 20. Kh2 Nxf3+ 21. Qxf3 Nd7 22. Be7 Qc7 23. g3 Nb6 24. Bf6 Qd7 25. Bxg7 Kxg7 26. g4 Qd2 27. b3 Nd7 28. b4 1/2-1/2

[Event "Lovsprings op-B 13th"]
[Site "Ringsted"]
[Date "2002.04.05"]
[Round "4"]
[White "Olsen, Morten Henrik"]
[Black "Pedersen, Kaj Vinding"]
[Result "0-1"]
[WhiteElo "1856"]
[BlackElo "1623"]
[PlyCount "90"]
[EventDate "2002.03.08"]
[EventType "swiss"]
[EventRounds "7"]
[EventCountry "DEN"]
[SourceTitle "EXT 2023"]
[Source "ChessBase"]
[SourceDate "2022.10.05"]
[SourceVersion "1"]
[SourceVersionDate "2022.10.05"]
[SourceQuality "1"]

1. e4 Nf6 2. e5 Nd5 3. c4 Nb6 4. c5 Nd5 5. Nc3 Nxc3 6. bxc3 d6 7. Bb5+ c6 8. Bc4 d5 9. Bb3 Qa5 10. Ne2 Qxc5 11. a4 Qb6 12. Ba3 Bf5 13. d4 e6 14. Ng3 Bg6 15. Bxf8 Rxf8 16. h4 h6 17. Bc2 Qb2 18. Bxg6 Qxc3+ 19. Kf1 fxg6 20. Ne2 Qe3 21. f3 g5 22. Qb1 Rxf3+ 23. gxf3 Qxf3+ 24. Kg1 Qe3+ 25. Kg2 Qxe2+ 26. Kg3 Qe3+ 27. Kg4 Qf4+ 28. Kh5 Qf3+ 29. Kg6 Qf7+ 30. Kh7 Nd7 31. Rf1 Nf8+ 32. Kh8 Ng6+ 33. Kh7 Nf4 34. hxg5 hxg5 35. Ra2 0-0-0 36. Rxf4 Qh5+ 37. Kxg7 Qh8+ 38. Kf7 Qe8+ 39. Kf6 gxf4 40. a5 Rd7 41. Kg5 Qf8 42. Kg4 f3 43. Kg3 f2 44. Ra1 Rg7+ 45. Kh2 Qh8+ 0-1

[Event "Lovsprings op 12th B"]
[Site "Ringsted"]
[Date "2001.03.02"]
[Round "1"]
[White "Henriksen, Kasper"]
[Black "Olsen, Morten Henrik"]
[Result "1-0"]
[WhiteElo "1818"]
[BlackElo "1735"]
[PlyCount "47"]
[EventDate "2001.03.02"]
[EventType "swiss"]
[EventRounds "7"]
[EventCountry "DEN"]
[SourceTitle "EXT 2023"]
[Source "ChessBase"]
[SourceDate "2022.10.05"]
[SourceVersion "1"]
[SourceVersionDate "2022.10.05"]
[SourceQuality "1"]

1. e4 e6 2. d4 d5 3. e5 c5 4. c3 Nc6 5. Nf3 Qb6 6. a3 cxd4 7. cxd4 Be7 8. Nc3 a6 9. b4 f6 10. Bd3 fxe5 11. dxe5 Qc7 12. Bb2 Nh6 13. Rc1 Qb8 14. 0-0 Nf7 15. Re1 Ncxe5 16. Nxe5 Nxe5 17. Qh5+ Nf7 18. Nxd5 exd5 19. Bxg7 Rf8 20. Rxe7+ Kxe7 21. Qh4+ Ke6 22. Qf6+ Kd7 23. Bf5+ Ke8 24. Re1+ 1-0

[Event "Lovfalds 12th D"]
[Site "Ringsted"]
[Date "1998.09.20"]
[Round "5"]
[White "Jorgensen, Carina Eilegaard"]
[Black "Olsen, Morten Henrik"]
[Result "1-0"]
[WhiteElo "1601"]
[BlackElo "1629"]
[PlyCount "63"]
[EventDate "1998.09.18"]
[EventType "tourn"]
[EventRounds "5"]
[EventCountry "DEN"]
[SourceTitle "EXT 2023"]
[Source "ChessBase"]
[SourceDate "2022.10.05"]
[SourceVersion "1"]
[SourceVersionDate "2022.10.05"]
[SourceQuality "1"]

1. e4 c5 2. Nf3 d6 3. d4 cxd4 4. Nxd4 Nf6 5. Nc3 g6 6. Be3 Bg7 7. Bc4 Nc6 8. f3 Bd7 9. Qd2 0-0 10. 0-0-0 Rc8 11. Bb3 Na5 12. g4 Nxb3+ 13. axb3 Qa5 14. h4 e5 15. Nde2 Qa1+ 16. Nb1 Be6 17. Nec3 b5 18. h5 Rfd8 19. hxg6 fxg6 20. Bh6 b4 21. Nd5 Bxd5 22. exd5 a5 23. Bxg7 Kxg7 24. Qh6+ Kg8 25. g5 Nh5 26. Rxh5 gxh5 27. g6 hxg6 28. Qxg6+ Kf8 29. Qf6+ Ke8 30. Qe6+ Kf8 31. Rg1 a4 32. Rg8# 1-0